[Event "Dvorkovich Memorial op 6th"]
[Site "Taganrog"]
[Date "2011.08.06"]
[Round "6"]
[White "Osipov, Adam V"]
[Black "Pligin, Genadiy M"]
[Result "1-0"]
[WhiteElo "2088"]
[BlackElo "1893"]
[PlyCount "45"]
[EventDate "2011.08.01"]
[EventType "swiss"]
[EventRounds "9"]
[EventCountry "RUS"]
[SourceTitle "CBM 144 Extra"]
[Source "ChessBase"]
[SourceDate "2011.10.28"]
[SourceVersion "1"]
[SourceVersionDate "2011.10.28"]
[SourceQuality "1"]

1. Nf3 Nf6 2. d4 d5 3. c4 e6 4. Nc3 Be7 5. Bf4 c6 6. e3 0-0 7. Qc2 Nbd7 8. h3 Nh5 9. Bh2 g6 10. Bd3 Re8 11. a3 Bf6 12. g4 Ng7 13. 0-0-0 dxc4 14. Bxc4 Nb6 15. Ba2 Be7 16. Bg3 Nd5 17. e4 Nxc3 18. Qxc3 Qb6 19. Kb1 a5 20. h4 h5 21. Ne5 a4 22. f3 Ra5 23. Nc4 1-0

[Event "Dvorkovich Memorial op 6th"]
[Site "Taganrog"]
[Date "2011.08.01"]
[Round "1"]
[White "Kotenko, Pavel"]
[Black "Osipov, Adam V"]
[Result "1-0"]
[WhiteElo "2403"]
[BlackElo "2088"]
[PlyCount "75"]
[EventDate "2011.08.01"]
[EventType "swiss"]
[EventRounds "9"]
[EventCountry "RUS"]
[SourceTitle "CBM 144 Extra"]
[Source "ChessBase"]
[SourceDate "2011.10.28"]
[SourceVersion "1"]
[SourceVersionDate "2011.10.28"]
[SourceQuality "1"]

1. e4 c5 2. Nf3 Nc6 3. d4 cxd4 4. Nxd4 Nf6 5. Nc3 e5 6. Ndb5 d6 7. Bg5 a6 8. Na3 Be6 9. Nc4 Rc8 10. Nd5 Bxd5 11. Bxf6 gxf6 12. Qxd5 Nb4 13. Qd2 d5 14. exd5 Nxc2+ 15. Qxc2 Bb4+ 16. Kd1 Qxd5+ 17. Kc1 0-0 18. a3 Bc5 19. Kb1 Bd4 20. Qb3 Rc5 21. Nd2 Qc6 22. Bd3 f5 23. Bxf5 Rb5 24. Qg3+ Kh8 25. Nb3 Qb6 26. Ka2 a5 27. Rab1 Bxf2 28. Qh3 h6 29. Be4 f5 30. Bxf5 a4 31. Nd2 Bd4 32. Nc4 Qa6 33. Rhc1 Rb3 34. Qh5 Qf6 35. Bc2 Rb5 36. Rf1 Qg7 37. Rxf8+ Qxf8 38. Bxa4 1-0

[Event "Taganrog-ch"]
[Site "Taganrog"]
[Date "2010.12.11"]
[Round "11"]
[White "Frolov, Andrei"]
[Black "Osipov, Adam V"]
[Result "1-0"]
[WhiteElo "2181"]
[BlackElo "2051"]
[PlyCount "85"]
[EventDate "2010.11.18"]
[EventType "tourn"]
[EventRounds "13"]
[EventCountry "RUS"]
[SourceTitle "EXT 2014"]
[Source "ChessBase"]
[SourceDate "2013.11.20"]
[SourceVersion "1"]
[SourceVersionDate "2013.11.20"]
[SourceQuality "1"]

1. e4 c5 2. Nf3 Nc6 3. d4 cxd4 4. Nxd4 g6 5. c4 Nf6 6. Nc3 d6 7. Be2 Nxd4 8. Qxd4 Bg7 9. Be3 0-0 10. Qd1 Be6 11. Rc1 Qa5 12. 0-0 Rfc8 13. b3 a6 14. a4 Nd7 15. Nd5 Bxd5 16. exd5 Qd8 17. Bd4 a5 18. Bxg7 Kxg7 19. Qd4+ Kg8 20. Rc3 Nc5 21. Rf3 Nd7 22. Re1 Rc7 23. Bd1 Qf8 24. Rfe3 Nc5 25. h4 Re8 26. h5 Qg7 27. Qd2 b6 28. Rg3 Kf8 29. Bc2 Rd7 30. f4 e5 31. dxe6 Rxe6 32. Rxe6 Nxe6 33. Rd3 Ke7 34. Qe3 Qf6 35. g3 Qb2 36. Rd2 Kf8 37. Kg2 Qc1 38. f5 gxf5 39. Bxf5 Ke7 40. Bxe6 fxe6 41. Qg5+ Ke8 42. Qg8+ Ke7 43. Rf2 1-0

[Event "Taganrog-ch"]
[Site "Taganrog"]
[Date "2010.12.09"]
[Round "10"]
[White "Osipov, Adam V"]
[Black "Pligin, Genadiy M"]
[Result "1-0"]
[WhiteElo "2051"]
[BlackElo "1958"]
[PlyCount "89"]
[EventDate "2010.11.18"]
[EventType "tourn"]
[EventRounds "13"]
[EventCountry "RUS"]
[SourceTitle "EXT 2014"]
[Source "ChessBase"]
[SourceDate "2013.11.20"]
[SourceVersion "1"]
[SourceVersionDate "2013.11.20"]
[SourceQuality "1"]

1. Nf3 Nf6 2. c4 e6 3. Nc3 d5 4. d4 Nbd7 5. e3 g6 6. Qc2 Bg7 7. Be2 0-0 8. 0-0 c6 9. b3 Re8 10. Rd1 Qc7 11. Bb2 Qb8 12. Rac1 a6 13. a4 Bh6 14. Ra1 Bg7 15. g3 a5 16. e4 dxe4 17. Nxe4 Nxe4 18. Qxe4 Nf6 19. Qc2 Qc7 20. Bf1 Rd8 21. Bg2 Bd7 22. Ne5 Be8 23. f4 Nd7 24. Ba3 Bf8 25. Bxf8 Kxf8 26. Qe4 Nf6 27. Qe3 Kg8 28. Rd3 Rab8 29. Rc1 Qb6 30. Bf3 Qa6 31. g4 Nd7 32. g5 Nxe5 33. Qxe5 b5 34. h4 bxa4 35. bxa4 Rb4 36. h5 gxh5 37. Be4 c5 38. Qf6 Rxd4 39. Rxd4 cxd4 40. Qh6 Qd6 41. Bxh7+ Kh8 42. g6 fxg6 43. Bxg6+ Kg8 44. Qh7+ Kf8 45. Qh8+ 1-0

[Event "Dvorkovich Memorial op 5th"]
[Site "Taganrog"]
[Date "2010.08.05"]
[Round "4"]
[White "Mandrikin, Igor"]
[Black "Osipov, Adam V"]
[Result "1-0"]
[WhiteElo "2295"]
[BlackElo "2061"]
[PlyCount "107"]
[EventDate "2010.08.02"]
[EventType "swiss"]
[EventRounds "9"]
[EventCountry "RUS"]
[SourceTitle "EXT 2013"]
[Source "ChessBase"]
[SourceDate "2012.11.22"]
[SourceVersion "1"]
[SourceVersionDate "2012.11.22"]
[SourceQuality "1"]

1. e4 g6 2. d4 Bg7 3. Nc3 d6 4. Be3 a6 5. a4 b6 6. g3 Nd7 7. Bg2 Rb8 8. Nge2 Ngf6 9. h3 c5 10. 0-0 0-0 11. g4 cxd4 12. Bxd4 Bb7 13. Ng3 Nc5 14. Re1 Ne6 15. Be3 Nd7 16. Nge2 Ba8 17. Qd2 Re8 18. f4 b5 19. axb5 axb5 20. Ba7 Rc8 21. Ra2 Bc6 22. f5 Nef8 23. Nd4 Ne5 24. Ncxb5 Ra8 25. Rea1 Nfd7 26. c3 Bb7 27. b3 gxf5 28. Nxf5 Nc5 29. Bxc5 Rxa2 30. Rxa2 dxc5 31. Qxd8 Rxd8 32. Nxe7+ Kf8 33. Nf5 Bf6 34. Nbd6 Ra8 35. Rxa8+ Bxa8 36. b4 cxb4 37. cxb4 Bd8 38. b5 Bb6+ 39. Kf1 f6 40. Ke2 Nd7 41. Kd3 Ne5+ 42. Kc3 Nd7 43. Kb4 Kg8 44. Bf1 Kf8 45. Bc4 Bc5+ 46. Ka5 Bf2 47. Bd5 Bxd5 48. exd5 Nb6 49. Ne4 Bg1 50. d6 Kf7 51. Ka6 Nd7 52. Kb7 Ke6 53. Kc7 Bb6+ 54. Kc6 1-0

[Event "Dvorkovich Memorial op 4th"]
[Site "Taganrog"]
[Date "2009.08.10"]
[Round "9"]
[White "Osipov, Adam V"]
[Black "Belyaev, Alexander S"]
[Result "1/2-1/2"]
[WhiteElo "2043"]
[BlackElo "2073"]
[PlyCount "76"]
[EventDate "2009.08.02"]
[EventType "swiss"]
[EventRounds "9"]
[EventCountry "RUS"]
[SourceTitle "EXT 2022"]
[Source "ChessBase"]
[SourceDate "2021.10.06"]
[SourceVersion "1"]
[SourceVersionDate "2021.10.06"]
[SourceQuality "1"]

1. c4 c5 2. g3 Nf6 3. Bg2 Nc6 4. Nc3 e6 5. Nf3 Be7 6. 0-0 0-0 7. e3 d5 8. cxd5 Nxd5 9. d4 Nxc3 10. bxc3 Bf6 11. Ba3 Be7 12. Nd2 cxd4 13. Bxe7 Qxe7 14. cxd4 Bd7 15. Rb1 Rab8 16. Qe2 Nb4 17. Ne4 Bc6 18. Qb2 Nd5 19. Rfc1 Nb6 20. Qc3 Rbc8 21. Qa5 Nd7 22. Nc3 b6 23. Qxa7 Ra8 24. Qc7 Rfc8 25. Qf4 g5 26. Qg4 f5 27. Qe2 Bxg2 28. Kxg2 Qd6 29. Qh5 g4 30. h3 Nf6 31. Qg5+ Kf7 32. hxg4 Qc6+ 33. Kg1 Rg8 34. Qf4 Rxg4 35. Qe5 Nd7 36. Qb5 Qd6 37. Kg2 Kg8 38. Ne2 h5 1/2-1/2